| 000 | 00724nam a22002057a 4500 | ||
|---|---|---|---|
| 003 | OSt | ||
| 005 | 20251023074021.0 | ||
| 008 | 251023b |||||||| |||| 00| 0 eng d | ||
| 020 | _a978-1-60320-009-7 | ||
| 040 |
_aDWC-Main Lib. _cOC |
||
| 082 | _aCirc. 364.168 S283 2009 | ||
| 245 |
_aScandal : _bamazing tales of scandals that shocked the world and shaped modern business/ |
||
| 260 |
_aNew York : _bFortune Books, _cc2009. |
||
| 300 |
_a320 pages ; _c24 cm. |
||
| 650 | _a1. Commercial crimes--Case studies. | ||
| 650 | _a2. Corporations--Corrupt practices--Case studies. | ||
| 650 | _a3. Swindlers and swindling--Case studies. | ||
| 650 | _a4. Fraud--Case studies. | ||
| 942 |
_2ddc _cBK-CIRC _hCirc. _n0 |
||
| 999 |
_c5062 _d5062 |
||